Statistiques concernant les 15 villes les plus propres du monde

Cliquez ici pour prendre le quiz!

Statistiques générales

  • Ce quiz a été pris 82 fois
  • Le résultat moyen est 8 sur 15

Statistiques - réponses

paysréponses% Correct
JaponTokyo
95%
NorvègeOslo
88%
DanemarkCopenhague
83%
SuisseBerne
82%
SuisseZurich
79%
FinlandeHelsinki
78%
AllemagneMunich
66%
SuèdeStockholm
59%
HawaiHonolulu
49%
Nouvelle ZélandeAuckland
41%
AustralieAdélaide
22%
CanadaCalgary
17%
AllemagneFribourg
7%
BrésilCuritiba
4%
MarocIfrane
4%

Distribution des résultats

Percentile par nombre de réponses

% des personnes avec chaque résultat

Votre développement - résultats

Vous n’avez pas pris ce quiz